Oceňovanie majetku a zdrojov majetku vo vzťahu k účtovným zásadám diplomová práca

Salvato in:
Dettagli Bibliografici
Autore principale: Klein, Jakub
Ente Autore: Fakulta hospodárskej informatiky EU. Katedra účtovníctva a audítorstva
Altri autori: Tumpach, Miloš, 1970-
Natura: Libro
Lingua:slovacco
Pubblicazione: Bratislava 2016
Tags: Aggiungi Tag
Nessun Tag, puoi essere il primo ad aggiungerne!!

MARC

LEADER 00000nbm a2200000 4500
001 0216919
005 20240905085118.3
041 0 |a slo 
044 |a SK 
245 1 0 |a Oceňovanie majetku a zdrojov majetku vo vzťahu k účtovným zásadám  |b diplomová práca  |c Jakub Klein ; školiteľ: Miloš Tumpach 
264 1 |a Bratislava  |c 2016 
300 |a 52 s. 
100 1 |a Klein, Jakub 
700 1 |a Tumpach, Miloš, 1970- 
710 2 |a Fakulta hospodárskej informatiky EU. Katedra účtovníctva a audítorstva